Estudio de casos en la formación de profesores de matemática. Integrando matemática y pedagogía
সংরক্ষণ করুন:
| প্রধান লেখক: | |
|---|---|
| বিন্যাস: | গ্রন্থ |
| ভাষা: | স্প্যানিশ |
| প্রকাশিত: |
Santiago, Chile
J. C. Sáez
2011
|
| মালা: | Herramientas para la formación de profesores de matemáticas,
|
| বিষয়গুলি: | |
| অনলাইন ব্যবহার করুন: | Disponible Online - Capítulos 6 al 8 |
| ট্যাগগুলো: |
ট্যাগ যুক্ত করুন
কোনো ট্যাগ নেই, প্রথমজন হিসাবে ট্যাগ করুন!
|
MARC
| LEADER | 00000cam a2200000 a 4500 | ||
|---|---|---|---|
| 001 | UCG7551 | ||
| 003 | CL-VaPUC | ||
| 005 | 20230718074441.0 | ||
| 008 | 110812e20110000CL |||||||||||||||||spa|d | ||
| 999 | |c 345417 |d 345415 | ||
| 020 | |a 9789563060782 | ||
| 040 | |c Pontificia Universidad Católica de Valparaíso | ||
| 082 | 0 | 4 | |a 370 REY 2011 |2 21 |
| 100 | 0 | |a Reyes Reyes, Cristián |e author |9 558122 | |
| 245 | 1 | 0 | |a Estudio de casos en la formación de profesores de matemática. |b Integrando matemática y pedagogía |
| 260 | |a Santiago, Chile |b J. C. Sáez |c 2011 | ||
| 300 | |a 243 páginas | ||
| 440 | |a Herramientas para la formación de profesores de matemáticas, |n 15 |9 860440 | ||
| 583 | |a last modification |c 20170726 04:48:45 |k Rodrigo Vera | ||
| 650 | 0 | |a Matemática |x Estudio y enseñanza |9 260235 | |
| 650 | 0 | |a Profesores |9 308968 |x Estudio de casos | |
| 856 | |u http://bibliografiadigital.pucv.cl.pucv.idm.oclc.org/index.php/bibliotecapucv/catalog/book/307 |y Disponible Online - Capítulos 6 al 8 | ||
| 942 | |c BK |2 ddc | ||
| 945 | |d 20110812 00:00:00 |a dcastane | ||
| 952 | |0 0 |1 0 |4 0 |6 370_000000000000000_REY_2011 |7 0 |8 A |9 444128 |a BIBMAT |b BIBMAT |c E_DIDACT |d 2019-11-22 |i 478880K |l 3 |m 4 |o 370 REY 2011 |p 478880K |r 2025-01-07 |s 2023-03-02 |w 2019-11-22 |y BK |k MAT | ||
| 952 | |0 0 |1 0 |4 0 |6 370_000000000000000_REY_2011 |7 0 |8 A |9 444129 |a BIBMAT |b BIBMAT |c E_DIDACT |d 2019-11-22 |i 4922549 |l 2 |m 2 |o 370 REY 2011 |p 4922549 |q 2025-07-31 |r 2024-06-24 |s 2024-06-24 |w 2019-11-22 |y BK |k MAT | ||
| 952 | |0 0 |1 0 |4 0 |6 370_000000000000000_REY_2011 |7 0 |8 A |9 444130 |a BIBMAT |b BIBMAT |c E_DIDACT |d 2019-11-22 |i 4922557 |o 370 REY 2011 |p 4922557 |r 2025-01-07 |w 2019-11-22 |y BK |k MAT | ||